| 000 | 00417nam a2200133 4500 | ||
|---|---|---|---|
| 003 | NUST | ||
| 082 | _a621.382,ASL | ||
| 100 | _4Aslam, Capt Babar (TE-30) | ||
| 245 |
_aPersonal Computer Based Synthesized Generator / _cCapt Babar Aslam (Leader), Capt Mukhtar Ahmed, Capt Suleman Mekan Capt Muhammad Ghias |
||
| 260 |
_aUET, Lahore _bMCS _c1998 |
||
| 300 | _a67.p | ||
| 650 |
_aProject Report _934829 |
||
| 942 |
_2ddc _cPR |
||
| 999 |
_c615202 _d615202 |
||